Paroles: J'VEUX D'LA TENDRESSE - LUCKY LOVE - Statistiques

Statistiques générales
  • Ce quiz a été pris 9 fois
  • Le résultat moyen est 207 sur 365
Statistiques - réponses
Réponse % Correct
d'
100%
l'
100%
tendresse
100%
Tendresse
100%
à
83%
ai
83%
de
83%
du
83%
Du
83%
J'
83%
j'
83%
la
83%
m'
83%
me
83%
qu'
83%
S'
83%
s'
83%
veux
83%
aime
67%
amis
67%
blesse
67%
bleu
67%
C'
67%
Ciel
67%
ciel
67%
des
67%
Des
67%
Et
67%
et
67%
ma
67%
Mais
67%
on
67%
plus
67%
chansons
50%
Je
50%
le
50%
les
50%
maison
50%
50%
pas
50%
que
50%
rires
50%
toujours
50%
au
33%
bisous
33%
ça
33%
dans
33%
enfants
33%
est
33%
guitares
33%
ils
33%
jeunesse
33%
mer
33%
mes
33%
mon
33%
plein
33%
qui
33%
qu'on
33%
rêvé
33%
rêves
33%
tous
33%
vie
33%
aiment
17%
amour
17%
avec
17%
Avec
17%
beaux
17%
belle
17%
bouteille
17%
Câlins
17%
cartable
17%
ceux
17%
encore
17%
gris
17%
jours
17%
lance
17%
leur
17%
mots
17%
nuages
17%
par
17%
part
17%
partout
17%
presse
17%
soleil
17%
sont
17%
SOS
17%
sur
17%
toutes
17%
trop
17%
abstenir
0%
attends
0%
Aujourd'hui
0%
bateaux
0%
beaucoup
0%
Beaucoup
0%
cachais
0%
caresses
0%
cherche
0%
côté
0%
coton
0%
crayons
0%
Depuis
0%
Entre
0%
était
0%
être
0%
formes
0%
fous
0%
gentillesse
0%
grandes
0%
grandi
0%
grands
0%
hiver
0%
île
0%
images
0%
livre
0%
livres
0%
loin
0%
longues
0%
mange
0%
orge
0%
pages
0%
paysages
0%
peut
0%
plages
0%
Quelque
0%
revois
0%
seul
0%
si
0%
sucre
0%
suis
0%
trésors
0%
vers
0%
voler
0%
Voler
0%
voudrais
0%
Aucun quiz correspondant
Distribution des résultats
% des personnes avec chaque résultat
Percentile par nombre de réponses
Votre historique - résultats
Vous n’avez pas pris ce quiz